| 000 | 00607nam a22001817a 4500 | ||
|---|---|---|---|
| 999 |
_c22524 _d22524 |
||
| 003 | AR-CdUCM | ||
| 008 | 190409b ||||| |||| 00| 0 spa d | ||
| 040 |
_aMUNICIPALIDAD PROVINCIAL DEL CUSCO _cBIBLIOTECA MUNICIPAL DEL CUSCO |
||
| 082 |
_a869.56/C5164S _bC5164S |
||
| 100 |
_aChambi Sotomayor, Eloy _944300 |
||
| 245 |
_aEl sastre del diablo & otros relatos / _c Eloy Chambi Sotomayor |
||
| 260 |
_aCusco : _bSieteculebras Editores, _c2018. |
||
| 300 |
_a59 páginas. : _bilustraciones ; _c21 cm. |
||
| 650 |
_aCuentos peruanos _948419 |
||
| 650 |
_aSiglo XX _948420 |
||
| 942 |
_2ddc _cLIBROS |
||
| 945 | _arac | ||